000 00665cam a2200205 4500500
005 20260329003536.0
041 _afre
042 _adc
100 1 0 _aHuneman, Philippe
_eauthor
245 0 0 _aAnaïs Boubenider et Jérôme Martin : “Donner des outils pour affronter ces croyances”
260 _c2016.
500 _a88
690 _aComplot
690 _aConspiration
690 _aConspirationnisme
690 _aEnseignement
690 _aIlluminati
786 0 _nPhilosophie magazine | 96 | 2 | 2016-02-01 | p. 18-18 | 1951-1787
856 4 1 _uhttps://shs.cairn.info/magazine-philosophie-magazine-2016-2-page-18?lang=fr&redirect-ssocas=7080
999 _c1825446
_d1825446